[Event "20. Obert Int. Sant Marti 2018 - B"]
[Site "Barcelona ESP"]
[Date "2018.07.17"]
[Round "5.2"]
[White "Molinero Martin, Joan"]
[Black "Melnik, Alexander"]
[Result "1/2-1/2"]
[WhiteElo "1939"]
[BlackElo "1882"]
[PlyCount "125"]
[EventDate "2018.07.13"]
[EventType "swiss"]
[EventRounds "9"]
[EventCountry "ESP"]
[SourceTitle "Ajedrez en Madrid"]
[Source "lmi"]
[SourceDate "2018.07.13"]
[SourceVersion "1"]
[SourceVersionDate "2019.06.21"]
[SourceQuality "1"]

1. e4 c5 2. Nf3 d6 3. d4 cxd4 4. Nxd4 Nf6 5. Nc3 a6 6. a4 e5 7. Nf3 Be7 8. Bc4
Qc7 9. Qe2 O-O 10. Nd5 Nxd5 11. Bxd5 Nd7 12. a5 Nf6 13. Bb3 Bg4 14. h3 Bh5 15.
c3 Rad8 16. Be3 Qc6 17. Bb6 Rc8 18. Bc2 Bg6 19. Nd2 d5 20. exd5 Nxd5 21. Bxg6
fxg6 22. O-O Nxb6 23. axb6 Bd6 24. Qe4 Qxb6 25. Qd5+ Kh8 26. Nc4 Qc5 27. Rad1
Qxd5 28. Rxd5 Rxc4 29. Rxd6 Rcf4 30. Re6 R4f5 31. f3 Kg8 32. Re1 Kf7 33. R6xe5
Rxe5 34. Rxe5 Rd8 35. Re2 Rd1+ 36. Kf2 Rd3 37. Ke1 Kf6 38. Re4 Rd6 39. Rb4 b5
40. Ke2 Kf5 41. h4 h5 42. Ke3 g5 43. g4+ hxg4 44. fxg4+ Kf6 45. h5 Rd1 46. Rd4
Re1+ 47. Kd3 Ke5 48. Kd2 Re4 49. Rd7 Rxg4 50. Rxg7 Rg2+ 51. Kd3 Kf6 52. Rg6+
Kf5 53. Rxa6 Rxb2 54. Ra5 g4 55. Ke3 Kg5 56. c4 Rb3+ 57. Ke4 g3 58. cxb5 g2 59.
Ra1 Rxb5 60. Rg1 Rb2 61. Kf3 Kxh5 62. Rxg2 Rxg2 63. Kxg2 1/2-1/2

[Event "20. Obert Int. Sant Marti 2018 - B"]
[Site "Barcelona ESP"]
[Date "2018.07.17"]
[Round "5.3"]
[White "Walter Travella, German"]
[Black "Farre Buil, Carles"]
[Result "1-0"]
[WhiteElo "1924"]
[BlackElo "1855"]
[PlyCount "69"]
[EventDate "2018.07.13"]
[EventType "swiss"]
[EventRounds "9"]
[EventCountry "ESP"]
[SourceTitle "Ajedrez en Madrid"]
[Source "lmi"]
[SourceDate "2018.07.13"]
[SourceVersion "1"]
[SourceVersionDate "2019.06.21"]
[SourceQuality "1"]

1. e4 c5 2. Nc3 g6 3. g3 Bg7 4. Bg2 Nc6 5. Nge2 e6 6. d3 Nge7 7. Be3 d6 8. Qd2
Nd4 9. Nd1 O-O 10. Nxd4 cxd4 11. Bh6 e5 12. h4 Bxh6 13. Qxh6 Nc6 14. h5 g5 15.
f4 f6 16. Nf2 Kh8 17. fxg5 fxg5 18. Bh3 Qe7 19. Bxc8 Raxc8 20. Nh3 Rg8 21. O-O
Nb4 22. Rf6 Qg7 23. Qxg7+ Rxg7 24. a3 Nxc2 25. Rc1 Rgc7 26. h6 Kg8 27. Nxg5 Ne3
28. Rxc7 Rxc7 29. Rxd6 Rc1+ 30. Kf2 Kf8 31. Nxh7+ Ke7 32. Rg6 Rh1 33. Ke2 Rf1
34. Rg7+ Rf7 35. Ng5 1-0

[Event "20. Obert Int. Sant Marti 2018 - B"]
[Site "Barcelona ESP"]
[Date "2018.07.17"]
[Round "5.4"]
[White "Prats Safont, Sergi"]
[Black "Valarezzo Ricard, Pedro"]
[Result "1-0"]
[WhiteElo "1918"]
[BlackElo "1866"]
[PlyCount "96"]
[EventDate "2018.07.13"]
[EventType "swiss"]
[EventRounds "9"]
[EventCountry "ESP"]
[SourceTitle "Ajedrez en Madrid"]
[Source "lmi"]
[SourceDate "2018.07.13"]
[SourceVersion "1"]
[SourceVersionDate "2019.06.21"]
[SourceQuality "1"]

1. e4 d5 2. exd5 Qxd5 3. Nf3 Nf6 4. d4 Bg4 5. Be2 c6 6. h3 Bf5 7. c4 Qd8 8. Nc3
h6 9. Be3 e6 10. O-O Be7 11. Ne5 Nbd7 12. g4 Bh7 13. f4 Nxe5 14. dxe5 Ne4 15.
Nxe4 Bxe4 16. Bf3 Qxd1 17. Raxd1 Bxf3 18. Rxf3 b6 19. Bf2 Rd8 20. Rfd3 Rxd3 21.
Rxd3 c5 22. f5 Bg5 23. h4 Bf4 24. Ra3 exf5 25. gxf5 Bxe5 26. Rxa7 O-O 27. Rb7
Rb8 28. Rxb8+ Bxb8 29. b4 Ba7 30. bxc5 bxc5 31. Kg2 Kf8 32. Kf3 Ke7 33. Ke4 Kd6
34. h5 f6 35. Bg3+ Kc6 36. Kd3 Bb6 37. Bf4 Ba5 38. Bd2 Bc7 39. Ke4 Bd8 40. a4
Bc7 41. a5 Bb8 42. a6 Ba7 43. Bf4 Kd7 44. Kd5 Kc8 45. Bd6 Bb6 46. Bxc5 Ba5 47.
Bf8 Bd2 48. Bxg7 Bg5 1-0

[Event "20. Obert Int. Sant Marti 2018 - B"]
[Site "Barcelona ESP"]
[Date "2018.07.17"]
[Round "5.5"]
[White "Perez Garcia, Jose Miguel"]
[Black "Morais Carreras, Javier"]
[Result "1-0"]
[WhiteElo "1891"]
[BlackElo "1913"]
[PlyCount "51"]
[EventDate "2018.07.13"]
[EventType "swiss"]
[EventRounds "9"]
[EventCountry "ESP"]
[SourceTitle "Ajedrez en Madrid"]
[Source "lmi"]
[SourceDate "2018.07.13"]
[SourceVersion "1"]
[SourceVersionDate "2019.06.21"]
[SourceQuality "1"]

1. c4 e6 2. Nf3 d5 3. g3 Nf6 4. Bg2 Be7 5. O-O O-O 6. d4 c6 7. Qc2 Nbd7 8. Nbd2
b6 9. e4 Bb7 10. b3 Rc8 11. Bb2 c5 12. exd5 exd5 13. Rad1 cxd4 14. Nxd4 Ba6 15.
Rfe1 Bc5 16. Qf5 dxc4 17. Nc6 Qc7 18. Ne4 Rfe8 19. Nxf6+ Nxf6 20. Bxf6 gxf6 21.
Rxe8+ Rxe8 22. Be4 Rxe4 23. Qxe4 Bd6 24. Qe8+ Kg7 25. Nd4 Be5 26. Ne6+ 1-0

[Event "20. Obert Int. Sant Marti 2018 - B"]
[Site "Barcelona ESP"]
[Date "2018.07.17"]
[Round "5.7"]
[White "Vargas Drechsler, Carlos"]
[Black "Raghav, Bansal"]
[Result "1-0"]
[WhiteElo "1871"]
[BlackElo "1541"]
[PlyCount "91"]
[EventDate "2018.07.13"]
[EventType "swiss"]
[EventRounds "9"]
[EventCountry "ESP"]
[SourceTitle "Ajedrez en Madrid"]
[Source "lmi"]
[SourceDate "2018.07.13"]
[SourceVersion "1"]
[SourceVersionDate "2019.06.21"]
[SourceQuality "1"]

1. e4 d5 2. exd5 Nf6 3. Nc3 Nxd5 4. Bc4 Nb6 5. Bb3 Nc6 6. Nf3 Bf5 7. d3 e6 8.
Bf4 Be7 9. O-O O-O 10. h3 h6 11. Qd2 Bf6 12. Rae1 Qd7 13. Ne5 Nxe5 14. Bxe5
Bxe5 15. Rxe5 Qd6 16. Rfe1 Nd7 17. R5e3 a6 18. g4 Bh7 19. Rxe6 fxe6 20. Rxe6
Nc5 21. Rxd6+ Nxb3 22. axb3 cxd6 23. Ne4 d5 24. Ng3 Rf7 25. f4 Re8 26. f5 Kh8
27. c4 dxc4 28. bxc4 Bg8 29. Nh5 Rd7 30. f6 g5 31. f7 Rxf7 32. Qc3+ Kh7 33.
Nf6+ Rxf6 34. Qxf6 Re6 35. Qd4 Kg6 36. Qd8 Bf7 37. d4 Re1+ 38. Kf2 Rc1 39. Qb6+
Kg7 40. c5 Bd5 41. Qc7+ Bf7 42. Qxb7 Rd1 43. c6 Rxd4 44. c7 Rd2+ 45. Ke3 Bd5
46. c8=Q+ 1-0

[Event "20. Obert Int. Sant Marti 2018 - B"]
[Site "Barcelona ESP"]
[Date "2018.07.17"]
[Round "5.8"]
[White "Colom Andres, Xavier"]
[Black "Moravich, Juan"]
[Result "0-1"]
[WhiteElo "1838"]
[BlackElo "1949"]
[PlyCount "112"]
[EventDate "2018.07.13"]
[EventType "swiss"]
[EventRounds "9"]
[EventCountry "ESP"]
[SourceTitle "Ajedrez en Madrid"]
[Source "lmi"]
[SourceDate "2018.07.13"]
[SourceVersion "1"]
[SourceVersionDate "2019.06.21"]
[SourceQuality "1"]

1. d4 d5 2. c4 e6 3. Nc3 f5 4. Nf3 Nf6 5. g3 c6 6. Qc2 Bd6 7. cxd5 exd5 8. Bg2
O-O 9. O-O Ne4 10. a3 a5 11. Rb1 Qe7 12. e3 Nd7 13. Ne2 Nb6 14. Nf4 Nc4 15. Nd3
a4 16. Nd2 b5 17. Nf3 Ba6 18. Bd2 Nexd2 19. Nxd2 b4 20. Nxc4 Bxc4 21. axb4 Bxb4
22. Rfc1 Bd6 23. Bf1 a3 24. b3 Bb5 25. Nc5 g6 26. Ra1 Bxc5 27. Qxc5 Qxc5 28.
Rxc5 Rfb8 29. Rc3 Ra6 30. Bd3 Kf7 31. Kf1 Ke6 32. Ke2 Kd6 33. Kd2 Bxd3 34. Kxd3
Rb5 35. Kc2 c5 36. Rxc5 Rxc5+ 37. dxc5+ Kxc5 38. Kc3 Kb5 39. Ra2 Rc6+ 40. Kd4
Kb4 41. Kxd5 Rc3 42. Kd4 Rxb3 43. f3 Rb2 44. Ra1 Rd2+ 45. Ke5 Kb3 46. e4 fxe4
47. fxe4 Kb2 48. Rf1 a2 49. Kf6 Rxh2 50. g4 h5 51. g5 a1=Q 52. Rxa1 Kxa1 53.
Kxg6 h4 54. e5 h3 55. e6 Re2 56. Kf7 h2 0-1

[Event "20. Obert Int. Sant Marti 2018 - B"]
[Site "Barcelona ESP"]
[Date "2018.07.17"]
[Round "5.10"]
[White "Ramos Alvarez, Maximo"]
[Black "Minko, Olga"]
[Result "1-0"]
[WhiteElo "1939"]
[BlackElo "1822"]
[PlyCount "121"]
[EventDate "2018.07.13"]
[EventType "swiss"]
[EventRounds "9"]
[EventCountry "ESP"]
[SourceTitle "Ajedrez en Madrid"]
[Source "lmi"]
[SourceDate "2018.07.13"]
[SourceVersion "1"]
[SourceVersionDate "2019.06.21"]
[SourceQuality "1"]

1. d4 d5 2. Bg5 Nd7 3. e3 h6 4. Bh4 Ngf6 5. Nf3 e6 6. Bd3 a6 7. Nbd2 c5 8. c3
Be7 9. Rc1 O-O 10. O-O b5 11. Ne5 Bb7 12. Bb1 Nxe5 13. dxe5 Nd7 14. Qc2 g6 15.
Bxe7 Qxe7 16. f4 Rac8 17. Qd1 Rfd8 18. Qg4 Kh7 19. h4 Rg8 20. h5 Nb6 21. b3 a5
22. Nf3 Nd7 23. Nh4 Nf8 24. hxg6+ fxg6 25. Kf2 c4 26. Nf3 b4 27. cxb4 axb4 28.
Rh1 cxb3 29. axb3 Rc3 30. Ng5+ Kg7 31. Rxc3 bxc3 32. Nf3 Qa3 33. Bc2 Qe7 34.
Nd4 Qe8 35. Qh3 Rh8 36. Qg4 Ba8 37. f5 exf5 38. Nxf5+ Kg8 39. Nxh6+ Kg7 40.
Nf5+ Kg8 41. Rxh8+ Kxh8 42. Qh4+ Nh7 43. Nd6 Qf8+ 44. Kg1 Qg8 45. Qd4 Nf8 46.
e6+ Kh7 47. e7 Bc6 48. e8=Q Bxe8 49. Nxe8 Qf7 50. Nf6+ Kh6 51. Ng4+ Kh7 52. Ne5
Qe6 53. Nf3 Kh6 54. Qxc3 Nh7 55. Qd3 Nf8 56. b4 Qc6 57. b5 Qe6 58. Qd4 Qf7 59.
b6 Qb7 60. Qf6 Qb8 61. Qh8+ 1-0

[Event "20. Obert Int. Sant Marti 2018 - B"]
[Site "Barcelona ESP"]
[Date "2018.07.17"]
[Round "5.11"]
[White "Elizondo Marquet, Juan Marcos"]
[Black "Pera Muntasell, Marc"]
[Result "1/2-1/2"]
[WhiteElo "1767"]
[BlackElo "1920"]
[PlyCount "61"]
[EventDate "2018.07.13"]
[EventType "swiss"]
[EventRounds "9"]
[EventCountry "ESP"]
[SourceTitle "Ajedrez en Madrid"]
[Source "lmi"]
[SourceDate "2018.07.13"]
[SourceVersion "1"]
[SourceVersionDate "2019.06.21"]
[SourceQuality "1"]

1. e4 c5 2. Nf3 d6 3. d4 cxd4 4. Nxd4 Nf6 5. Nc3 a6 6. Bg5 e6 7. Qe2 Be7 8. h4
b5 9. a3 Bb7 10. O-O-O O-O 11. g4 Nc6 12. f4 Qc7 13. Bg2 Nxd4 14. Rxd4 e5 15.
Rd3 exf4 16. Bxf4 Nd7 17. Nd5 Bxd5 18. exd5 Bf6 19. g5 Be5 20. Bxe5 Nxe5 21.
Rc3 Qa5 22. Qe4 Rac8 23. Rhh3 Qb6 24. Qe3 Qb7 25. Qd4 a5 26. Rxc8 Rxc8 27. Rc3
Ra8 28. Rh3 Re8 29. Re3 Qe7 30. Kb1 f6 31. gxf6 1/2-1/2

[Event "20. Obert Int. Sant Marti 2018 - B"]
[Site "Barcelona ESP"]
[Date "2018.07.17"]
[Round "5.12"]
[White "Esteban Lupianez, Jose Miguel"]
[Black "Lazaro Valls, Xavi"]
[Result "0-1"]
[WhiteElo "1735"]
[BlackElo "1488"]
[PlyCount "66"]
[EventDate "2018.07.13"]
[EventType "swiss"]
[EventRounds "9"]
[EventCountry "ESP"]
[SourceTitle "Ajedrez en Madrid"]
[Source "lmi"]
[SourceDate "2018.07.13"]
[SourceVersion "1"]
[SourceVersionDate "2019.06.21"]
[SourceQuality "1"]

1. e4 c5 2. Nf3 Nc6 3. d4 cxd4 4. Nxd4 d6 5. Nc3 Nf6 6. Be2 g6 7. Be3 Bg7 8.
O-O a6 9. f4 e6 10. Nf3 O-O 11. Qe1 b5 12. a3 Ng4 13. Bf2 Nxf2 14. Rxf2 Nd4 15.
Bd3 Qb6 16. Kf1 Bb7 17. Qe3 Qc5 18. Ne2 Nxe2 19. Qxe2 Bxb2 20. Rb1 Bf6 21. g4
Qxa3 22. g5 Bg7 23. h4 Qc3 24. h5 gxh5 25. Rh2 f6 26. g6 f5 27. Rxh5 fxe4 28.
Bc4 Qxc4 29. Qxc4 bxc4 30. Rxb7 hxg6 31. Rg5 Rxf4 32. Rxg6 Rxf3+ 33. Ke2 Rf7
0-1

[Event "20. Obert Int. Sant Marti 2018 - B"]
[Site "Barcelona ESP"]
[Date "2018.07.17"]
[Round "5.13"]
[White "Caro Martinez, Ramon"]
[Black "Palacios Pena, Gerardo"]
[Result "0-1"]
[WhiteElo "1741"]
[BlackElo "1905"]
[PlyCount "74"]
[EventDate "2018.07.13"]
[EventType "swiss"]
[EventRounds "9"]
[EventCountry "ESP"]
[SourceTitle "Ajedrez en Madrid"]
[Source "lmi"]
[SourceDate "2018.07.13"]
[SourceVersion "1"]
[SourceVersionDate "2019.06.21"]
[SourceQuality "1"]

1. d4 Nf6 2. Bg5 g6 3. Bxf6 exf6 4. g3 d5 5. e3 Bg7 6. Bg2 c6 7. Nc3 Qb6 8. Rb1
Nd7 9. Qd2 Qc7 10. Nge2 f5 11. O-O O-O 12. b4 Nb6 13. a4 Nc4 14. Qd1 Bd7 15. b5
Rfe8 16. bxc6 bxc6 17. Qc1 Rab8 18. Nf4 Qa5 19. Rxb8 Rxb8 20. Qa1 Rb2 21. Ncxd5
cxd5 22. Bxd5 Rxc2 23. Qb1 Qxa4 24. Qb8+ Bf8 25. Nd3 Nb6 26. Bb7 Bb5 27. Nc5
Qa2 28. Rd1 Rxf2 29. g4 Qe2 30. h3 Qxe3 31. Kh1 Qxh3+ 32. Kg1 Rf1+ 33. Rxf1
Qxf1+ 34. Kh2 Qf2+ 35. Kh1 Qh4+ 36. Kg2 Qxg4+ 37. Kh2 Qxd4 0-1

[Event "20. Obert Int. Sant Marti 2018 - B"]
[Site "Barcelona ESP"]
[Date "2018.07.17"]
[Round "5.14"]
[White "Pascual Gonzalez-Novelles, Carles"]
[Black "Lozano Ruiz, David"]
[Result "1-0"]
[WhiteElo "1717"]
[BlackElo "1869"]
[PlyCount "97"]
[EventDate "2018.07.13"]
[EventType "swiss"]
[EventRounds "9"]
[EventCountry "ESP"]
[SourceTitle "Ajedrez en Madrid"]
[Source "lmi"]
[SourceDate "2018.07.13"]
[SourceVersion "1"]
[SourceVersionDate "2019.06.21"]
[SourceQuality "1"]

1. e4 d5 2. exd5 Nf6 3. Nf3 Bg4 4. d4 Qxd5 5. Be2 Nc6 6. O-O O-O-O 7. c3 Qh5 8.
h3 Bxf3 9. Bxf3 Qg6 10. Bf4 e5 11. Bxc6 exf4 12. Bf3 Nd5 13. Nd2 f5 14. Re1 Qf7
15. Re5 g6 16. Qb3 c6 17. Rae1 Qd7 18. c4 Nb6 19. d5 cxd5 20. cxd5 Bd6 21. Re6
Qa4 22. Rxd6 Qxb3 23. Rxd8+ Rxd8 24. Nxb3 Nc4 25. Rc1 b5 26. Nd4 Kb7 27. Nxb5
Nd2 28. Rd1 Nxf3+ 29. gxf3 Kb6 30. Nc3 Kc5 31. Kf1 a6 32. Ke2 Kd6 33. Kd3 g5
34. Kd4 Re8 35. Rd2 Re1 36. Rd1 Re7 37. Kd3 h5 38. Rg1 Rg7 39. Re1 Rg6 40. Kd4
g4 41. fxg4 fxg4 42. Rg1 g3 43. fxg3 fxg3 44. Rxg3 Rh6 45. Ne4+ Kd7 46. Ke5 h4
47. Rg7+ Kd8 48. Nf6 a5 49. d6 1-0

[Event "20. Obert Int. Sant Marti 2018 - B"]
[Site "Barcelona ESP"]
[Date "2018.07.17"]
[Round "5.15"]
[White "Santos Ramos, Carlos"]
[Black "Franzoni Ladron De Guevara, Enric"]
[Result "1/2-1/2"]
[WhiteElo "1866"]
[BlackElo "1760"]
[PlyCount "116"]
[EventDate "2018.07.13"]
[EventType "swiss"]
[EventRounds "9"]
[EventCountry "ESP"]
[SourceTitle "Ajedrez en Madrid"]
[Source "lmi"]
[SourceDate "2018.07.13"]
[SourceVersion "1"]
[SourceVersionDate "2019.06.21"]
[SourceQuality "1"]

1. d4 Nf6 2. Nf3 g6 3. c4 Bg7 4. Nc3 O-O 5. e4 d6 6. h3 e5 7. d5 a5 8. Be3 Na6
9. Bd3 b6 10. Qd2 Nc5 11. Bc2 Bd7 12. Bh6 Re8 13. Bxg7 Kxg7 14. O-O-O a4 15. g4
Qb8 16. Qe2 Ra5 17. Nd2 c6 18. f3 b5 19. dxc6 Bxc6 20. cxb5 Bxb5 21. Nxb5 Rxb5
22. Nc4 Rd8 23. Rd2 d5 24. exd5 Rxd5 25. Rxd5 Nxd5 26. Qxe5+ Qxe5 27. Nxe5 Nb4
28. Kb1 f6 29. Nc4 Nd5 30. Re1 Rb4 31. Nd6 a3 32. b3 Na4 33. Nc4 Nac3+ 34. Ka1
Rb8 35. Be4 Re8 36. Rc1 Nxe4 37. fxe4 Rxe4 38. Nxa3 Re3 39. h4 Rg3 40. Rc4 Ne3
41. Rc7+ Kh6 42. g5+ fxg5 43. hxg5+ Rxg5 44. Nc4 Rg1+ 45. Kb2 Rg2+ 46. Ka3 Rc2
47. Rc6 Kh5 48. Kb4 Nxc4 49. bxc4 Rxa2 50. c5 g5 51. Rd6 g4 52. c6 g3 53. c7
Rc2 54. Rd5+ Kh4 55. Rd4+ Kh5 56. Rc4 Rxc4+ 57. Kxc4 g2 58. c8=Q g1=Q 1/2-1/2

[Event "20. Obert Int. Sant Marti 2018 - B"]
[Site "Barcelona ESP"]
[Date "2018.07.17"]
[Round "5.16"]
[White "Gorti, Atmika"]
[Black "Garcia Quevedo, Jose"]
[Result "1/2-1/2"]
[WhiteElo "1712"]
[BlackElo "1864"]
[PlyCount "70"]
[EventDate "2018.07.13"]
[EventType "swiss"]
[EventRounds "9"]
[EventCountry "ESP"]
[SourceTitle "Ajedrez en Madrid"]
[Source "lmi"]
[SourceDate "2018.07.13"]
[SourceVersion "1"]
[SourceVersionDate "2019.06.21"]
[SourceQuality "1"]

1. e4 c5 2. c3 g6 3. d4 cxd4 4. cxd4 d5 5. e5 Nc6 6. Nc3 Bg7 7. Nf3 Nh6 8. Qb3
e6 9. Be3 O-O 10. Bd3 f6 11. exf6 Qxf6 12. O-O Nf5 13. Ne2 a6 14. Rac1 Kh8 15.
Rfd1 Nxe3 16. fxe3 Bh6 17. Bc2 Rd8 18. Rf1 Qe7 19. Nf4 Kg8 20. Rce1 Na5 21. Qc3
Nc4 22. b3 Nd6 23. Ne5 Bd7 24. Qd2 Rac8 25. Rf3 Bg7 26. Nxd7 Qxd7 27. Bd3 Rf8
28. Rh3 Nf5 29. Bxf5 exf5 30. Qa5 Rfd8 31. Rf3 Qc6 32. Rff1 Qc3 33. Qb6 Qc6 34.
Qa5 Qc3 35. Qb6 Qc6 1/2-1/2

[Event "20. Obert Int. Sant Marti 2018 - B"]
[Site "Barcelona ESP"]
[Date "2018.07.17"]
[Round "5.17"]
[White "Costa Trave, Jaume"]
[Black "Diaz Rendon, Nicoll"]
[Result "1-0"]
[WhiteElo "1862"]
[BlackElo "1760"]
[PlyCount "101"]
[EventDate "2018.07.13"]
[EventType "swiss"]
[EventRounds "9"]
[EventCountry "ESP"]
[SourceTitle "Ajedrez en Madrid"]
[Source "lmi"]
[SourceDate "2018.07.13"]
[SourceVersion "1"]
[SourceVersionDate "2019.06.21"]
[SourceQuality "1"]

1. d4 Nf6 2. Nc3 e6 3. e4 d5 4. e5 Nfd7 5. f4 a6 6. Be3 c5 7. Nf3 Qb6 8. Na4
Qa5+ 9. c3 c4 10. b4 cxb3 11. axb3 Qc7 12. b4 a5 13. b5 Nb6 14. Nc5 N8d7 15.
Nd3 Nc4 16. Bf2 Ndb6 17. Be2 Bd7 18. O-O Bxb5 19. Qb3 Ba6 20. Rfb1 a4 21. Rxa4
Nxa4 22. Qxa4+ Qc6 23. Qa2 Be7 24. Nc5 O-O 25. h3 Bxc5 26. dxc5 Na3 27. Nd4 Qc8
28. Qxa3 Bxe2 29. Qb4 Ba6 30. Nb3 Qc7 31. Bd4 Bd3 32. Rb2 Rfb8 33. Kh2 Ra6 34.
Kg3 Bf5 35. Kh2 h5 36. Kg3 Rba8 37. Nd2 Ra2 38. Nf3 Rxb2 39. Qxb2 Bd3 40. Kh4
Bc4 41. g4 hxg4 42. hxg4 Ra2 43. Qb1 Qc8 44. Kg3 Qa8 45. Qb6 Bf1 46. f5 exf5
47. gxf5 Ra6 48. Qc7 Rc6 49. Qd7 Bc4 50. e6 fxe6 51. Qxg7# 1-0

[Event "20. Obert Int. Sant Marti 2018 - B"]
[Site "Barcelona ESP"]
[Date "2018.07.17"]
[Round "5.18"]
[White "Carrasco Cortada, Juan"]
[Black "Castillo Dalmau, Arnau"]
[Result "0-1"]
[WhiteElo "1649"]
[BlackElo "1862"]
[PlyCount "50"]
[EventDate "2018.07.13"]
[EventType "swiss"]
[EventRounds "9"]
[EventCountry "ESP"]
[SourceTitle "Ajedrez en Madrid"]
[Source "lmi"]
[SourceDate "2018.07.13"]
[SourceVersion "1"]
[SourceVersionDate "2019.06.21"]
[SourceQuality "1"]

1. e4 c5 2. c3 d5 3. exd5 Qxd5 4. d4 Nc6 5. Nf3 Bg4 6. Be2 cxd4 7. cxd4 e6 8.
Nc3 Qa5 9. O-O Nf6 10. h3 Bh5 11. Be3 Bd6 12. a3 O-O 13. b4 Qd8 14. b5 Ne7 15.
g4 Bg6 16. Nh4 Ned5 17. Nxd5 Nxd5 18. Nxg6 hxg6 19. Bf3 Qh4 20. Bg2 f5 21. Bxd5
Qxh3 22. Bxe6+ Kh7 23. f4 Qxe3+ 24. Rf2 Qxe6 25. Rh2+ Kg8 0-1

[Event "20. Obert Int. Sant Marti 2018 - B"]
[Site "Barcelona ESP"]
[Date "2018.07.17"]
[Round "5.19"]
[White "Gonzalez Lafita, Oscar"]
[Black "Vicente Soriano, Josep"]
[Result "0-1"]
[WhiteElo "1849"]
[BlackElo "1701"]
[PlyCount "94"]
[EventDate "2018.07.13"]
[EventType "swiss"]
[EventRounds "9"]
[EventCountry "ESP"]
[SourceTitle "Ajedrez en Madrid"]
[Source "lmi"]
[SourceDate "2018.07.13"]
[SourceVersion "1"]
[SourceVersionDate "2019.06.21"]
[SourceQuality "1"]

1. d4 Nf6 2. Nf3 g6 3. c4 Bg7 4. Nc3 d6 5. g3 O-O 6. Bg2 Nbd7 7. O-O c6 8. Qc2
Qc7 9. b3 a6 10. Bb2 Re8 11. e4 e5 12. dxe5 dxe5 13. Ne1 Nc5 14. b4 Ne6 15. Ne2
a5 16. a3 axb4 17. axb4 Rxa1 18. Bxa1 Nd7 19. Nd3 c5 20. Rb1 Nd4 21. Nxd4 cxd4
22. c5 Nf8 23. b5 f5 24. f4 fxe4 25. Bxe4 exf4 26. Nxf4 Kh8 27. Re1 Bf5 28. c6
Qa5 29. Qb1 bxc6 30. bxc6 Rxe4 31. Rxe4 Bxe4 32. Qxe4 Qxa1+ 33. Kg2 Qa2+ 34.
Ne2 Qe6 35. Qf3 Qd6 36. Nf4 g5 37. Nh5 d3 38. Nxg7 Kxg7 39. c7 Qxc7 40. Qxd3
Qb7+ 41. Kf2 Qf7+ 42. Kg2 Ne6 43. Qe4 Qf6 44. Qb7+ Kh6 45. Qc8 g4 46. h3 gxh3+
47. Kxh3 Ng5+ 0-1

[Event "20. Obert Int. Sant Marti 2018 - B"]
[Site "Barcelona ESP"]
[Date "2018.07.17"]
[Round "5.20"]
[White "Saxena, Anshul"]
[Black "Carricondo Fernandez, Vicente"]
[Result "1-0"]
[WhiteElo "1647"]
[BlackElo "1845"]
[PlyCount "105"]
[EventDate "2018.07.13"]
[EventType "swiss"]
[EventRounds "9"]
[EventCountry "ESP"]
[SourceTitle "Ajedrez en Madrid"]
[Source "lmi"]
[SourceDate "2018.07.13"]
[SourceVersion "1"]
[SourceVersionDate "2019.06.21"]
[SourceQuality "1"]

1. e4 e5 2. Nf3 Nc6 3. Bb5 a6 4. Ba4 Nf6 5. O-O d6 6. Re1 Be7 7. c3 O-O 8. h3
Nd7 9. d4 exd4 10. cxd4 Nb6 11. Bb3 Kh8 12. d5 Ne5 13. Nd4 c5 14. Nf5 Bxf5 15.
exf5 Ned7 16. Nc3 Re8 17. Bf4 Nc8 18. Qf3 b5 19. Re2 c4 20. Bc2 Bf6 21. Rae1
Rxe2 22. Rxe2 Be5 23. g4 f6 24. h4 Ne7 25. Bc1 Nb6 26. Be4 Qd7 27. g5 b4 28.
Nd1 a5 29. g6 h6 30. Ne3 a4 31. Ng4 Ng8 32. Qe3 Qb7 33. f4 Nxd5 34. fxe5 Nxe3
35. Bxb7 Rb8 36. Nxe3 Rxb7 37. exd6 c3 38. bxc3 bxc3 39. Rc2 Rd7 40. Nc4 h5 41.
Rxc3 Nh6 42. Bxh6 gxh6 43. Rd3 Kg7 44. Nb6 Rd8 45. Nxa4 Ra8 46. d7 Rxa4 47.
d8=Q Rg4+ 48. Kf2 Rg2+ 49. Ke3 Re2+ 50. Kd4 Re4+ 51. Kd5 Rd4+ 52. Ke6 Rxd8 53.
Rd7+ 1-0

[Event "20. Obert Int. Sant Marti 2018 - B"]
[Site "Barcelona ESP"]
[Date "2018.07.17"]
[Round "5.21"]
[White "Planella Sanchez, Jordi"]
[Black "Reyes, Jesus"]
[Result "1-0"]
[WhiteElo "1945"]
[BlackElo "1367"]
[PlyCount "66"]
[EventDate "2018.07.13"]
[EventType "swiss"]
[EventRounds "9"]
[EventCountry "ESP"]
[SourceTitle "Ajedrez en Madrid"]
[Source "lmi"]
[SourceDate "2018.07.13"]
[SourceVersion "1"]
[SourceVersionDate "2019.06.21"]
[SourceQuality "1"]

1. d4 d6 2. e4 e5 3. Bc4 exd4 4. Qxd4 Nc6 5. Qe3 Nf6 6. Bd2 Qe7 7. f3 g6 8. Nc3
Bg7 9. Nge2 Be6 10. Bd3 h6 11. a3 d5 12. O-O O-O-O 13. exd5 Nxd5 14. Nxd5 Bxd5
15. Qxe7 Nxe7 16. Bc3 f6 17. Rfe1 Nf5 18. Bxf5+ gxf5 19. Nd4 Rhf8 20. Nxf5 Bh8
21. Bb4 Rfe8 22. Ne7+ Rxe7 23. Rxe7 Rg8 24. Rae1 Bc6 25. Bc3 h5 26. Rh7 Bxf3
27. Rxh8 Rxh8 28. gxf3 Rg8+ 29. Kf2 h4 30. Bxf6 h3 31. Rg1 Rf8 32. Be5 Re8 33.
f4 Rd8 1-0

[Event "20. Obert Int. Sant Marti 2018 - B"]
[Site "Barcelona ESP"]
[Date "2018.07.17"]
[Round "5.22"]
[White "Zaiats, Vladimir"]
[Black "Romero Funieles, Rafael"]
[Result "1-0"]
[WhiteElo "1943"]
[BlackElo "1725"]
[PlyCount "105"]
[EventDate "2018.07.13"]
[EventType "swiss"]
[EventRounds "9"]
[EventCountry "ESP"]
[SourceTitle "Ajedrez en Madrid"]
[Source "lmi"]
[SourceDate "2018.07.13"]
[SourceVersion "1"]
[SourceVersionDate "2019.06.21"]
[SourceQuality "1"]

1. e4 e6 2. Qe2 Nc6 3. Nf3 Nf6 4. g3 e5 5. Bg2 d6 6. h3 Be7 7. d3 h6 8. Nc3 a6
9. Be3 Be6 10. O-O-O b5 11. d4 b4 12. Nb1 Bxa2 13. dxe5 Nd7 14. Nd4 Ndxe5 15.
f4 Nxd4 16. Bxd4 Nc4 17. e5 O-O 18. Bxa8 Qxa8 19. b3 Na3 20. Nd2 c5 21. Bb2 d5
22. Qf3 a5 23. f5 Bg5 24. h4 Bxd2+ 25. Kxd2 c4 26. Bxa3 bxa3 27. Ra1 cxb3 28.
cxb3 Bxb3 29. Qxb3 d4 30. Rhg1 Qe4 31. Qd3 Qxe5 32. Rge1 Qd5 33. Qxa3 Qxf5 34.
Rf1 Qh3 35. Qf3 Qe6 36. Rxa5 Qe7 37. Qa3 Qb7 38. Re1 Qc6 39. Rc5 Qf6 40. Re2 d3
41. Qxd3 Rd8 42. Rd5 Qb2+ 43. Ke1 Qa1+ 44. Kf2 Qf6+ 45. Kg2 Qc6 46. Rd2 Re8 47.
Kh2 g6 48. Rd8 Rxd8 49. Qxd8+ Kg7 50. Qd4+ Kh7 51. Qb2 Qe6 52. Rd8 g5 53. h5
1-0